Pays avec le plus d'oiseaux menacés - Statistiques

Statistiques générales
  • Ce quiz a été pris 20 fois
  • Le résultat moyen est 15 sur 20
Statistiques - réponses
Hint Réponse % Correct
175 Brésil
100%
119 Pérou
95%
96 Chine
89%
126 Colombie
89%
91 États‑Unis
89%
93 Inde
89%
71 Mexique
89%
52 Venezuela
89%
106 Équateur
84%
160 Indonésie
84%
63 Malaisie
79%
52 Vietnam
79%
57 Russie
74%
62 Thaïlande
74%
52 Australie
68%
93 Philippines
63%
54 Afrique du Sud
58%
55 Bolivie
58%
56 Myanmar
47%
69 Nouvelle‑Zélande
47%
Aucun quiz correspondant
Distribution des résultats
% des personnes avec chaque résultat
Percentile par nombre de réponses
Votre historique - résultats
Vous n’avez pas pris ce quiz